| 000 | 00916nam a2200265 a 4500 | ||
|---|---|---|---|
| 001 | 62293 | ||
| 003 | BD-RjUL | ||
| 005 | 20211209081051.0 | ||
| 008 | 170123s1984 bg a eng | | ||
| 020 | _c: Tk: 250.00 | ||
| 020 | _c: Complimentary | ||
| 035 | _a(BD-RjUL) 62419 | ||
| 040 |
_aANL _beng _dANL _cBD-RjUL |
||
| 041 | _aeng | ||
| 082 |
_223 _a304.6095492021 _bMYM 1984 (DS) |
||
| 110 |
_aBangladesh Bureau of Statistics _9179266 |
||
| 245 | 1 | 0 |
_aBangladesh population census, 1981: _bDistrict: Mymensingh / _cBangladesh Bureau of Statistics |
| 260 |
_aDhaka, : _bBangladesh Bureau of Statistics, _c1984 |
||
| 300 |
_aLXXV, 1032 p. : _bIll ; _c28 cm. |
||
| 490 | _aDistrict series: Mymensingh | ||
| 651 |
_aBangladesh _zMymensingh _xPopulation _vStaistics _y1981 _9185120 |
||
| 651 |
_aBangladesh _zMymensingh _vCensus, 1981 _9185119 |
||
| 830 |
_aDistrict series: Mymensingh _9189836 |
||
| 942 |
_2ddc _cRAR |
||
| 999 |
_c62293 _d62293 |
||